| 000 | 01516cam a2200337 i 4500 | ||
|---|---|---|---|
| 999 |
_c200449666 _d67878 |
||
| 003 | TR-AnTOB | ||
| 005 | 20220907143938.0 | ||
| 007 | ta | ||
| 008 | 691230s1969 fr a 100 0 eng | ||
| 010 | _a 77435445 | ||
| 015 | _aF*** | ||
| 040 |
_aDLC _beng _erda _cDLC _dDLC _dICU _dDLC _dTR-AnTOB |
||
| 041 | 0 |
_aeng _afre |
|
| 050 | 0 | 4 |
_aQC783.4 _b.S46 1968 |
| 090 |
_aQC783.4 _b.S46 1968 |
||
| 111 | 2 |
_aSeminar on the Application of On-Line Computers to Nuclear Reactors _d(1968 : _cSandefjord, Norway) _9138362 |
|
| 245 | 1 | 0 |
_aApplication of on-line computers to nuclear reactors = _bEmploi des calculateurs couplés aux réacteurs nucléaires / _corganised by the European Nuclear Energy Agency with the support of the International Atomic Energy Agency and the collaboration of the Institutt Atomenergi, Norway and the O.E.C.D. Halden Reactor Project. |
| 264 | 1 |
_a[Paris] : _bEuropean Nuclear Energy Agency, Organisation for Economic Co-operation and Development, _c[1969] |
|
| 300 |
_a903 pages : _billustrations ; _c27 cm |
||
| 336 |
_atext _btxt _2rdacontent |
||
| 337 |
_aunmediated _bn _2rdamedia |
||
| 338 |
_avolume _bnc _2rdacarrier |
||
| 500 | _aEnglish or French. | ||
| 650 | 0 |
_aNuclear engineering _xData processing _vCongresses _93244 |
|
| 650 | 0 |
_aOnline data processing _vCongresses _948538 |
|
| 710 | 2 |
_aEuropean Nuclear Energy Agency _9100646 |
|
| 740 | _aEmploi des calculateurs couplés aux réacteurs nucléaires. | ||
| 942 |
_2lcc _cBK |
||